Les codes pénaux européens

محفوظ في:
التفاصيل البيبلوغرافية
المؤلف الرئيسي: Ancel, Marc (مؤلف)
التنسيق: كتاب
اللغة:الفرنسية
منشور في: París Centre Francais de Droit Comparé 1951
الموضوعات:
الوسوم: إضافة وسم
لا توجد وسوم, كن أول من يضع وسما على هذه التسجيلة!

MARC

LEADER 00000nam a2200000 a 4500
001 UCS0322
003 CL-VaPUC
008 970418e19510000FR |||||||||||||||||fre|d
082 0 4 |a 345.4  |b ANC  |2 21 
100 0 |a Ancel, Marc  |e author  |9 383628 
245 1 4 |a Les codes pénaux européens 
300 |a v 
942 |c BK 
945 |d 19970418 00:00:00  |a paguirre 
260 |a París  |b Centre Francais de Droit Comparé  |c 1951 
500 |a v.1: Introduction comparative. Allemagne, Autriche, Belgique, Bulgarie, Danemark, et loi criminelle Groenlandaise 
500 |a v.2: Espagne, Finlande, France, Grèce, Hongrie, Islande, Italie 
500 |a v.3: Liechtenstein, Luxembourg, Principauté de Monaco, Norvège, Pays-Bas, Pologne, Portugal 
650 7 |a DERECHO PENAL  |2 CL-VaPUC  |9 11 
650 0 |a Códigos  |9 352314 
650 7 |a LEGISLACION  |2 CL-VaPUC  |9 383629 
650 0 |a Delitos  |9 224143 
650 0 |a Responsabilidad penal  |9 254899 
650 7 |a DELITOS CONTRA LAS PERSONAS  |2 CL-VaPUC  |9 256124 
650 0 |a Asesinatos   |9 401043 
650 0 |a Penas   |9 255927 
650 7 |a DELITOS CONTRA LA SEGURIDAD DEL ESTADO  |2 CL-VaPUC  |9 383630 
650 0 |a Derecho comparado  |9 255664 
651 0 |a Europa  |9 255156 
583 |a last modification  |c 19970418 00:00:00  |k Rodrigo Vera 
999 |c 258554  |d 258552 
952 |0 0  |1 0  |4 0  |6 345_400000000000000_ANC_1951  |7 0  |8 X  |9 282735  |a BIBDER  |b BIBDER  |d 2019-11-19  |h v.1  |i 1833723  |o 345.4 ANC 1951  |p 1833723  |r 2023-01-25  |w 2019-11-19  |y BK_X  |k DER 
952 |0 0  |1 0  |4 0  |6 345_400000000000000_ANC_1951  |7 0  |8 X  |9 282736  |a BIBDER  |b BIBDER  |d 2019-11-19  |h v.2  |i 1833731  |o 345.4 ANC 1951  |p 1833731  |r 2023-01-25  |w 2019-11-19  |y BK_X  |k DER 
952 |0 0  |1 0  |4 0  |6 345_400000000000000_ANC_1951  |7 0  |8 X  |9 282737  |a BIBDER  |b BIBDER  |d 2019-11-19  |h v.3  |i 183374K  |o 345.4 ANC 1951  |p 183374K  |r 2023-01-25  |w 2019-11-19  |y BK_X  |k DER